La nieve

Salvato in:
Dettagli Bibliografici
Autore principale: Iommi Amunátegui, Godofredo Tomás (autor)
Natura: Libro
Lingua:spagnolo
Pubblicazione: Viña del Mar, Chile: Ead, 2014
Soggetti:
Tags: Aggiungi Tag
Nessun Tag, puoi essere il primo ad aggiungerne!!

MARC

LEADER 00000cam a2200000 a 4500
001 UCE5047
003 CL-VaPUC
005 20240510114212.0
008 141127e20140800cl |||||||||||||||||spa|d
999 |c 357871  |d 357869 
020 |a 978-956-8192-06-8 
040 |c Pontificia Universidad Católica de Valparaíso 
082 0 4 |a Ch861 IOM 2014  |2 21 
100 |a Iommi Amunátegui, Godofredo Tomás  |e autor  |9 604202 
245 1 3 |a La nieve 
260 |a Viña del Mar, Chile:  |b Ead,  |c 2014 
300 |a 91 páginas 
500 |a c.4. Donación Profesora Consuelo Rodríguez De Tezanos. Memo ART 02/2022. 05/04/2022 
583 |a last modification  |c 20141127 16:34:00  |k Rodrigo Vera 
650 0 |a Poesías chilenas   |9 265280 
650 0 |a Literatura chilena   |9 308278 
942 |c BK  |2 ddc 
945 |d 20141127 16:34:00  |a arojas 
952 |0 0  |1 0  |3 erb  |4 0  |6 CH_861_000000000000000_IOM_2014  |7 0  |8 A  |9 465992  |a BIBARQ  |b BIBARQ  |i 512705K  |o Ch861 IOM 2014  |p 512705K  |r 2025-01-20  |w 2019-11-23  |y BK  |z Catalogado en:20141127  |k ARQ 
952 |0 0  |1 0  |3 erb  |4 0  |6 CH_861_000000000000000_IOM_2014  |7 0  |8 A  |9 465993  |a BIBARQ  |b BIBARQ  |i 5127068  |o Ch861 IOM 2014  |p 5127068  |r 2025-01-20  |w 2019-11-23  |y BK  |z Catalogado en:20141127  |k ARQ 
952 |0 0  |1 0  |3 erb  |4 0  |6 CH_861_000000000000000_IOM_2014  |7 0  |8 A  |9 465994  |a BIBEDU  |b BIBEDU  |c ES_NOD  |i 5128560  |o Ch861 IOM 2014  |p 5128560  |r 2023-08-09  |w 2019-11-23  |y BK  |z Catalogado en:20141204  |k LIT 
952 |0 0  |1 0  |2 ddc  |4 0  |6 CH_861_000000000000000_IOM_2014  |7 0  |8 A  |9 582866  |a BIBART  |b BIBART  |d 2022-05-03  |e Donación  |i 5650960  |o Ch861 IOM 2014  |p 5650960  |r 2025-03-13  |t 4  |w 2022-05-03  |y BK  |k ART